[Event "Bulan Sogotu Yurtaev Memorial"]
[Site "Bulan Sogotu"]
[Date "2024.06.19"]
[Round "7"]
[White "Koldasbayev, Albert"]
[Black "Donskoy, Dmitriy"]
[Result "1-0"]
[WhiteElo "1775"]
[BlackElo "1892"]
[PlyCount "87"]
[EventDate "2024.06.13"]
[EventType "swiss"]
[EventRounds "9"]
[EventCountry "KGZ"]
[SourceTitle "EXT 2025"]
[Source "ChessBase"]
[SourceDate "2024.10.14"]
[SourceVersion "1"]
[SourceVersionDate "2024.10.14"]
[SourceQuality "1"]

1. c4 e5 2. Nc3 Nc6 3. g3 f5 4. Bg2 Nf6 5. d3 Bc5 6. e3 d6 7. Nge2 0-0 8. 0-0 a5 9. a3 Kh8 10. b3 Qe8 11. d4 Ba7 12. Nb5 Bb8 13. Bb2 Nd8 14. dxe5 dxe5 15. f4 Ng4 16. Qd2 exf4 17. exf4 Qe3+ 18. Qxe3 Nxe3 19. Rf3 Nxg2 20. Kxg2 c6 21. Nbd4 Re8 22. Re1 Ba7 23. Rd3 Nf7 24. Nf3 Bc5 25. Ne5 Nxe5 26. fxe5 Kg8 27. Red1 Kf7 28. h4 g6 29. Nf4 h6 30. Rd8 Be6 31. Nxe6 Kxe6 32. R8d7 Re7 33. R7d3 g5 34. hxg5 hxg5 35. Rh1 f4 36. g4 Rg8 37. Kf3 Kf7 38. Ke4 Kg6 39. Rdh3 Re6 40. Rh7 Bf8 41. Rxb7 Bg7 42. Rh5 Bxe5 43. Bxe5 Rge8 44. Rg7# 1-0

[Event "Bulan Sogotu Yurtaev Memorial"]
[Site "Bulan Sogotu"]
[Date "2024.06.18"]
[Round "6"]
[White "Donskoy, Dmitriy"]
[Black "Ubaydullaev, Mukhammadiso"]
[Result "0-1"]
[WhiteElo "1892"]
[BlackElo "1950"]
[PlyCount "119"]
[EventDate "2024.06.13"]
[EventType "swiss"]
[EventRounds "9"]
[EventCountry "KGZ"]
[SourceTitle "EXT 2025"]
[Source "ChessBase"]
[SourceDate "2024.10.14"]
[SourceVersion "1"]
[SourceVersionDate "2024.10.14"]
[SourceQuality "1"]

1. e4 c5 2. Nc3 g6 3. f4 Nc6 4. Nf3 Bg7 5. Bc4 d6 6. 0-0 e6 7. d3 Nge7 8. a4 0-0 9. Bd2 Bd7 10. Kh1 Nd4 11. Rb1 Bc6 12. Ra1 a6 13. a5 d5 14. Ba2 dxe4 15. dxe4 Qc7 16. Bb1 f5 17. Qe1 Nxf3 18. gxf3 fxe4 19. Nxe4 Nd5 20. Nxc5 Rae8 21. Ra3 Kh8 22. b4 Nxf4 23. Re3 e5 24. c4 Ne6 25. Nxe6 Rxe6 26. Be4 Ref6 27. Rd3 Qf7 28. b5 axb5 29. Bxc6 bxc6 30. cxb5 Qc4 31. Re3 cxb5 32. Bc3 Qc6 33. Kg2 Rf5 34. Qe2 Rg5+ 35. Kh1 Kg8 36. Qd3 Rgf5 37. Bb4 Rc8 38. Rfe1 Bf8 39. Bc3 Bg7 40. Rg1 e4 41. fxe4 Bxc3 42. Qxc3 Qxe4+ 43. Rxe4 Rxc3 44. Ra1 Rfc5 45. a6 Rc1+ 46. Re1 Rxe1+ 47. Rxe1 Rc7 48. Rb1 Ra7 49. Rxb5 Rxa6 50. Kg2 Ra7 51. Kg3 Kg7 52. Rc5 Ra3+ 53. Kg4 Ra4+ 54. Kg3 Rd4 55. Ra5 Rd6 56. Rb5 Kh6 57. Ra5 Rf6 58. Kg4 Rf2 59. Kg3 Rf5 60. Ra7 0-1